书目信息 |
| 题名: |
晶体管原理
|
|
| 作者: | ;浙江大学半导体器件教研室 编 | |
| 分册: | ||
| 出版信息: | 北京 国防工业出版社 1980 |
|
| 页数: | 400页 | |
| 开本: | 26cm | |
| 丛书名: | ||
| 单 册: | ||
| 中图分类: | TN32 | |
| 科图分类: | ||
| 主题词: | 晶体管--理论 | |
| 电子资源: | ||
| ISBN: | ||
| 000 | 00622nam0 2200217 45 | |
| 001 | 0180006873 | |
| 005 | 20060814110042.06 | |
| 010 | @dCNY2.60 | |
| 091 | @aCN@b15034.2014 | |
| 100 | @a19960215d1980 em y0chiy0121 ea | |
| 101 | 0 | @achi |
| 102 | @aCN@b110000 | |
| 105 | @ay z 000yy | |
| 200 | 10 | @a晶体管原理@Ajing ti guan yuan li@f浙江大学半导体器件教研室编 |
| 210 | @a北京@c国防工业出版社@d1980 | |
| 215 | @a400页@d26cm | |
| 606 | @a晶体管@x理论 | |
| 690 | @aTN32@v3 | |
| 711 | 02 | @a浙江大学半导体器件教研室@Azhe jiang da xue ban dao ti qi jian jiao yan shi@4编 |
| 801 | 0 | @aCN@bTSSF@c20060814 |
| 905 | @dTN32@e26 | |
| 晶体管原理/浙江大学半导体器件教研室编.-北京:国防工业出版社,1980 |
| 400页;26cm |
| ISBN :CNY2.60 |
| ● |
| 相关链接 |
|
|
|
|
正题名:晶体管原理
索取号:TN32/26
 
预约/预借
| 序号 | 登录号 | 条形码 | 馆藏地/架位号 | 状态 | 备注 |
| 1 | 0437288 | 204372883 | 密集书库/ [索取号:TN32/26] | 在馆 | |
| 2 | 0437289 | 204372892 | 密集书库/ [索取号:TN32/26] | 在馆 | |
| 3 | 0438169 | 204381695 | 密集书库/ [索取号:TN32/26] | 在馆 | |
| 4 | 0438231 | 204382319 | 密集书库/ [索取号:TN32/26] | 在馆 | |
| 5 | 0458148 | 204581489 | 密集书库/ [索取号:TN32/26] | 在馆 |